000 00746 a2200229 4500
005 20260310103500.0
020 _a9780639009681
050 _aHF5667
_bMAR 2021
100 _aMarx, B.
_eauthor and editor
245 _aDynamic auditing :
_ba student edition /
_cB. Marx, A Van Der Watt, P. Bourne and T. Moloi
250 _aFourteenth edition
264 _aJohannesburg :
_bLexisNexis,
_c2021
300 _a1 vol. various pagings
_billustrations
336 _2rdacontent
_atext
_btxt
337 _2rdamedia
_aunmediated
_bn
338 _2rdacarrier
_avolume
_bnc
650 _aAuditing
700 _aWatt, A Van Der
_eauthor
700 _aBourne, T.
_eauthor
700 _aMoloi, T.
_eauthor
942 _2lcc
_cBK
_eFourteenth edition
_h5667
_iMAR
_kHF
999 _c11675
_d11675